Bring me home! : Dogs make great pets
The book to bring home before you bring home a puppy or a dog! Dogs are wonderful companions, but they need lots of attention and care. Are you up for the challenge? With this practical, hands-on guide, you'll know what to expect—cost-wise, care-wise, and chore-wise. You'll have informatio...
Bewaard in:
| Hoofdauteur: | |
|---|---|
| Formaat: | Boek |
| Taal: | Undetermined |
| Gepubliceerd in: |
Hoboken, N.J.
Wiley Pub.
2005
|
| Onderwerpen: | |
| Tags: |
Voeg label toe
Geen labels, Wees de eerste die dit record labelt!
|
| Thư viện lưu trữ: | Trung tâm Học liệu Trường Đại học Cần Thơ |
|---|
| LEADER | 01373nam a2200217Ia 4500 | ||
|---|---|---|---|
| 001 | CTU_165837 | ||
| 008 | 210402s9999 xx 000 0 und d | ||
| 020 | |c 14.99 | ||
| 082 | |a 636.7 | ||
| 082 | |b B714 | ||
| 100 | |a Bonham, Margaret H. | ||
| 245 | 0 | |a Bring me home! : | |
| 245 | 0 | |b Dogs make great pets | |
| 245 | 0 | |c Margaret H. Bonham | |
| 260 | |a Hoboken, N.J. | ||
| 260 | |b Wiley Pub. | ||
| 260 | |c 2005 | ||
| 520 | |a The book to bring home before you bring home a puppy or a dog! Dogs are wonderful companions, but they need lots of attention and care. Are you up for the challenge? With this practical, hands-on guide, you'll know what to expect—cost-wise, care-wise, and chore-wise. You'll have information on choosing the right dog for your family, caring for it, and more. Information and interactive activities include: Worksheets that help you make informed decisions, choose a breeder or a veterinarian, and more Questions and charts to help you determine if your family is ready for dog ownership, whether to get a puppy or a dog, and more Checklists covering how to puppy-proof a home, vaccinations your pet should have, items you'll need before bringing the bundle of joy home, and other aspects of being a responsible pet "parent" | ||
| 650 | |a Dogs,Con chó | ||
| 904 | |i Trọng Hải | ||
| 980 | |a Trung tâm Học liệu Trường Đại học Cần Thơ | ||